| 000 | 00559nam a22002057a 4500 | ||
|---|---|---|---|
| 005 | 20250304055826.0 | ||
| 008 | 250304b |||||||| |||| 00| 0 eng d | ||
| 020 | _a9789358495386 | ||
| 040 |
_aIN-DiNC _cIN-DiNC |
||
| 041 | _dasm | ||
| 082 |
_a410 _bBHA |
||
| 245 |
_aBhashabigyanar parichay (Major8)/ _ced. Karabi Gogoi and Dipali Gogoi |
||
| 250 | _a1st ed. | ||
| 260 |
_aDibrugarh: _bBanalata, _c2024. |
||
| 300 | _a124p. | ||
| 650 | _aLinguistics (Major8)/ | ||
| 700 |
_aGogoi, Karabi _eEditor |
||
| 700 |
_aGogoi, Dipali _eEditor |
||
| 942 |
_2ddc _cBK |
||
| 999 |
_c12123 _d12123 |
||